000 00601nam a2200193Ia 4500
005 20250423094721.0
008 250422s9999 xx 000 0 und d
020 _a9781442256880
050 _aHC 59.7 .H36/
100 _aHandelman, Howard
245 0 _aChallenges of the developing world
250 _a8th ed.
260 _aNew york
260 _bRowman littlefield
260 _c2017
300 _a351 p
650 _a Economic development. Developing countries--Economic conditions. Developing countries--Economic policy. Developing countries--Politics and government.
942 _cBK
999 _c28084
_d28084